Music Quiz

Random Music or Country Music Quiz

Tequila makes her clothes fall off lyrics Quiz Stats

 Plays Quiz not verified by Sporcle

Score 0/207 Timer 10:00
0 Plays Today
Hint Answer % Correct
She
100%
said
100%
I'm
100%
goin'
100%
out
100%
with
100%
my
100%
girlfriends
100%
margaritas
100%
at
100%
the
100%
Holiday
100%
Inn
100%
oh
100%
my
100%
only
100%
thought
100%
was
100%
tequila
100%
makes
100%
her
100%
clothes
100%
fall
100%
off
100%
I
100%
told
100%
her
100%
to
100%
put
100%
an
100%
extra
100%
layer
100%
on
100%
I
100%
know
100%
what
100%
happens
100%
when
100%
she
100%
drinks
100%
patron
100%
her
100%
the
100%
things
100%
she
100%
yea
100%
tequila
100%
makes
100%
her
100%
clothes
100%
fall
100%
off
100%
she'll
100%
start
100%
by
100%
kicking
100%
out
100%
of
100%
her
100%
shoes
100%
lose
100%
an
100%
earring
100%
in
100%
her
100%
drink
100%
leave
100%
her
100%
jacket
100%
Hint Answer % Correct
in
100%
the
100%
bathroom
100%
stall
100%
drop
100%
a
100%
contact
100%
down
100%
the
100%
sink
100%
the
100%
on
100%
she
100%
in
100%
a
100%
yea
100%
tequila
100%
makes
100%
her
100%
clothes
100%
fall
100%
off
100%
she
100%
with
100%
of
100%
tequila
100%
makes
100%
her
100%
clothes
100%
fall
100%
off
100%
she'll
100%
start
100%
by
100%
kicking
100%
out
100%
of
100%
her
100%
shoes
100%
lose
100%
an
100%
earring
100%
in
100%
her
100%
drink
100%
leave
100%
her
100%
jacket
100%
in
100%
the
100%
bathroom
100%
stall
100%
drop
100%
a
100%
contact
100%
down
100%
the sink
100%
she
100%
she'll
100%
oh
100%
what
100%
I
100%
the
100%
she
100%
yea
100%
tequila
100%
makes
100%
her
100%
clothes
100%
Hint Answer % Correct
off
100%
oh
100%
tequila
100%
makes
100%
her
100%
clothes
100%
fall
100%
off
100%
Oh,
100%
tequila
100%
makes
100%
her
100%
clothes
100%
fall
100%
off
100%
100%
have
83.3%
mercy
83.3%
closets
83.3%
missing
83.3%
half
83.3%
DJ
83.3%
have
83.3%
done
83.3%
bought
66.7%
pantyhose
66.7%
ain't
66.7%
gonna
66.7%
last
66.7%
too
66.7%
long
66.7%
if
66.7%
puts
66.7%
Bon
66.7%
Jovi
66.7%
home
66.7%
tablecloth
66.7%
can
66.7%
handle
66.7%
any
66.7%
Champagne
66.7%
brunch
66.7%
but
66.7%
don't
66.7%
she's
66.7%
just
66.7%
having
66.7%
fun
66.7%
tomorrow
66.7%
say
66.7%
friends
66.7%
will
66.7%
lost
66.7%
them
50%
might
50%
come
50%
Bacardi
50%
punch
50%
full
50%
Smirnoff
50%
mean
50%
bridal
33.3%
shower
33.3%
nothing
33.3%
joke
33.3%
about
33.3%
stuff
33.3%
jello
16.7%
shooters
16.7%

You're not logged in!

Compare scores with friends on all Sporcle quizzes.
OR
Log In

Sporcle TV

Today on Sporcle TV


Watch our educational content, quiz creation guides, and fun videos on Sporcle TV.

Show Comments

Extras

Top Quizzes Today


Score Distribution

Your Account Isn't Verified!

In order to create a playlist on Sporcle, you need to verify the email address you used during registration. Go to your Sporcle Settings to finish the process.

Report this User

Report this user for behavior that violates our Community Guidelines.

Details: